[Event "146 Stay Safe Play From Home series"]
[Site "T#646011Emanuel Laske"]
[Date "2020.05.13"]
[Round "1"]
[White "Onlyforchess"]
[Black "Fischer_11"]
[Result "1-0"]
[WhiteElo "2571"]
[BlackElo "1987"]
[Annotator "TA"]
[PlyCount "111"]
[EventDate "2020.05.13"]
[EventType "swiss (blitz)"]

{[%evp 13,111,93,95,-141,-123,-179,-179,-215,-201,-209,-204,-226,-216,-214,-200,-199,-194,-200,-214,-272,-275,-273,-248,-227,-196,-239,-231,-241,-129,-302,-258,-243,-244,-255,-242,-262,-251,-316,-315,-306,-320,-305,-166,-190,0,-236,-164,-163,-123,-138,-127,-147,-152,-147,-142,-170,-152,-145,0,-382,-379,-373,-383,-376,-371,-372,-378,-367,-362,-392,-277,-251,0,-189,0,0,0,0,29984,29985,29985,29978,29986,29987,29986,29982,29987,29988,29988,29987,29987,29988,29988,29989,29993,29994,29995,29995,29996,1337]} 1. e4 Nf6 2. e5 Nd5 3. d4 d6 4. Nf3 dxe5 5. Nxe5 Nd7 6. Nxf7 Kxf7 7. Qh5+ Ke6 {Hoping for ...N7f6.} 8. Bc4 $5 {[%mdl 4] Exploring less charted territory. B04: Alekhine's Defence: 4 Nf3.} (8. c4 $1 $16 {and life is bright.} N5f6 9. d5+ Kd6 10. c5+ $1 {[%mdl 512]} Nxc5 11. Bf4+ Kd7 12. Bb5+ c6 13. dxc6+ bxc6 14. Qxc5) 8... N7f6 $1 $17 {[%cal Rf6h5]} 9. Qe5+ (9. Qd1 $17) 9... Kf7 $19 10. Nc3 {[%cal Rc3d5] Black is clearly better.} c6 11. O-O e6 {[#]} 12. Bg5 $146 ({Predecessor:} 12. Ne4 Nxe4 13. Qxe4 Bd6 14. Qf3+ Qf6 15. Qh5+ g6 16. Qh6 Qxd4 17. Bd3 Qg7 18. Qh4 {0-1 (63) Tobella Torras,J-McIntee,C (1758) ICCF email 2007}) 12... Bd6 13. Qe2 Rf8 14. Ne4 Kg8 15. Bb3 Be7 16. c4 Nxe4 17. Bxe7 Nxe7 (17... Qxe7 18. Qxe4 Nf6 19. Qe2 $19) 18. Qxe4 e5 19. Qxe5 Ng6 20. Qe3 Qe7 (20... Qf6 $19 21. Rae1 Bf5) 21. Qg3 $2 (21. c5+ $17 Kh8 22. Qxe7 Nxe7 23. Rfe1) 21... Kh8 22. Rfe1 Qf6 23. Rad1 Bf5 24. d5 cxd5 25. Rxd5 Rae8 (25... Qxb2 26. Qe3 $19) 26. Rxe8 Rxe8 {[%cal Re8e1]} 27. h3 Re1+ ({But not} 27... Qxb2 28. Qe3 $1 $19 {[%mdl 512]}) 28. Kh2 Re8 $2 (28... h6 $19 {White must now prevent ...Ne7.} 29. Qd6 Qxd6+ 30. Rxd6 Re2) 29. Rd6 $2 (29. Kg1 $1 $11) 29... Qe7 30. c5 Nf8 31. Bd5 Be6 32. b4 Bxd5 33. Rxd5 Qf7 34. Re5 Rxe5 35. Qxe5 Qe6 ({Much less strong is} 35... Qxf2 36. Qc7 $15) (35... Qxa2 $17 {aiming for ...Qf7.} 36. b5 Kg8) 36. f4 $2 {[%mdl 8192]} (36. Qb8 $11 {and White has nothing to worry.} Qe7 37. Qxa7) 36... Qxe5 $1 37. fxe5 {[%mdl 4096] Endgame KN-KP} Ne6 38. Kg3 Kg8 39. Kf3 Kf7 40. Ke4 Ke7 41. Kd5 Nd8 42. b5 Nf7 $2 (42... Ne6 $19 {Strongly threatening ...Nc7+.} 43. a4 Nc7+ 44. Kc4 Kd7) 43. a4 $2 {[#]} (43. c6 $11 {and White is okay.} bxc6+ 44. Kxc6 (44. bxc6 Kd8 $11)) 43... a6 $2 ({Black should play} 43... Nd8 $1 $19 44. g3 Kd7) 44. c6 bxc6+ 45. bxc6 {And now c7 would win.} Nd8 $2 {[%mdl 8192]} (45... Kd8 $11) 46. c7 {White mates.} Kd7 47. cxd8=Q+ Kxd8 {KP-KP} 48. Kd6 Ke8 49. Ke6 g5 50. g4 h6 51. a5 Kf8 52. Kd7 Kf7 53. e6+ Kg6 54. e7 h5 55. e8=Q+ Kh6 56. Qxh5+ {Accuracy: White = 60%, Black = 61%.} (56. gxh5 $142 Kh7 {[#]} 57. Qg6+ $1 {[%mdl 576] Double Attack} Kh8 58. h6 g4 59. Qg7#) 1-0

[Event "146 Stay Safe Play From Home series"]
[Site "T#646011Emanuel Laske"]
[Date "2020.05.13"]
[Round "1"]
[White "Rohit2007"]
[Black "Trotsky"]
[Result "1-0"]
[WhiteElo "2277"]
[BlackElo "1551"]
[Annotator "RC"]
[PlyCount "20"]
[EventDate "2020.05.13"]
[EventType "swiss (blitz)"]

1. e4 {[%emt 0:00:01]} c5 {[%emt 0:00:01]} 2. Nf3 {[%emt 0:00:01]} e6 {[%emt 0:00:00]} 3. d4 {[%emt 0:00:00]} d5 {[%emt 0:00:01]} 4. exd5 {[%emt 0:00:02]} exd5 {[%emt 0:00:01]} 5. dxc5 {[%emt 0:00:00]} Bxc5 {[%emt 0:00:02]} 6. Nc3 {[%emt 0:00:00]} Be6 {[%emt 0:00:01]} 7. Bb5+ {[%emt 0:00:01]} Nc6 {[%emt 0:00:01]} 8. O-O {[%emt 0:00:00]} Nf6 {[%emt 0:00:02]} 9. Bg5 {[%emt 0:00:02]} Qc7 {[%emt 0:00:02]} 10. Bxf6 {[%emt 0:00:02]} gxf6 {[%emt 0:00:01] ' Trotsky Ïðåäëàãàåò íèü Trotsky Ñäàåòñÿ} 1-0

[Event "146 Stay Safe Play From Home series"]
[Site "T#646011Emanuel Laske"]
[Date "2020.05.13"]
[Round "1"]
[White "Lamborghini"]
[Black "Greblah"]
[Result "1-0"]
[WhiteElo "2260"]
[BlackElo "1933"]
[Annotator "TA"]
[PlyCount "69"]
[EventDate "2020.05.13"]
[EventType "swiss (blitz)"]

{[%evp 15,68,66,81,85,107,93,91,76,89,48,61,62,73,69,145,123,172,170,215,132,134,119,146,-61,541,547,543,539,542,536,531,528,637,648,644,651,609,413,403,409,462,370,465,435,544,533,648,483,964,485,650,551,728,728,29999]} 1. e4 c6 2. d4 d5 3. Nc3 dxe4 4. Nxe4 Nf6 5. Nxf6+ gxf6 6. c3 Bf5 7. Nf3 e6 8. g3 Bd6 9. Bg2 {B16: Caro-Kann: Bronstein-Larsen Variation.} O-O 10. O-O Nd7 11. Nh4 {White is better.} Bg6 12. c4 {[#]} f5 $146 ({Predecessor:} 12... Re8 13. d5 cxd5 14. cxd5 e5 15. f4 exf4 16. Bxf4 Ne5 17. Nxg6 hxg6 18. Qb3 Qe7 {1-0 (29) Seibold,H (2200)-Pezerovic,E (2460) Bayern 1998}) 13. d5 cxd5 14. cxd5 Nc5 (14... e5 $1 $14) 15. dxe6 $16 fxe6 16. b4 $36 {[%mdl 2048] Keeping Black busy.} Ne4 17. Qb3 Qf6 18. Nxg6 hxg6 19. f3 $2 ({White should play} 19. Be3 $16) 19... Ng5 $2 {[%mdl 8192] This costs Black the game.} (19... Qxa1 $2 {too greedy.} 20. Bb2 $18) (19... Be5 $1 $15 20. fxe4 Bxa1 21. exf5 gxf5 22. Bxb7 Rab8) 20. Bxg5 $18 {[%mdl 64] [#] Overworked Piece} Qxg5 21. Qxe6+ {[%mdl 64] Double Attack} Kh7 22. Qxd6 Qe3+ 23. Kh1 Rad8 24. Qc7+ Kh6 25. Rad1 Rc8 26. Qf4+ Qxf4 27. gxf4 Rc2 28. h4 Re8 29. Rfe1 Rec8 30. Re6 Kh5 31. Rg1 Rxa2 (31... R2c6 $142) 32. Kh2 Rcc2 33. Kg3 a5 34. Re7 {[%cal Re7h7] [#]} axb4 35. Rh7# {Accuracy: White = 61%, Black = 36%.} 1-0

[Event "146 Stay Safe Play From Home series"]
[Site "T#646011Emanuel Laske"]
[Date "2020.05.13"]
[Round "1"]
[White "Little champs"]
[Black "Edmatuag"]
[Result "1-0"]
[WhiteElo "2141"]
[BlackElo "1639"]
[Annotator "RC"]
[PlyCount "89"]
[EventDate "2020.05.13"]
[EventType "swiss (blitz)"]

1. d4 {[%emt 0:00:02]} d5 {[%emt 0:00:02]} 2. g3 {[%emt 0:00:01]} e6 {[%emt 0:00:00]} 3. Bg2 {[%emt 0:00:00]} Nf6 {[%emt 0:00:00]} 4. Nf3 {[%emt 0:00:00]} Be7 {[%emt 0:00:00]} 5. O-O {[%emt 0:00:00]} Nbd7 {[%emt 0:00:00]} 6. c4 {[%emt 0:00:00]} c5 {[%emt 0:00:01]} 7. Nc3 {[%emt 0:00:00]} dxc4 {[%emt 0:00:01]} 8. dxc5 {[%emt 0:00:01]} Nxc5 {[%emt 0:00:01]} 9. Qc2 {[%emt 0:00:01]} a6 {[%emt 0:00:03]} 10. Rd1 {[%emt 0:00:02]} Qc7 {[%emt 0:00:01]} 11. a4 {[%emt 0:00:00]} Rb8 {[%emt 0:00:02]} 12. a5 {[%emt 0:00:03]} b6 {[%emt 0:00:02]} 13. axb6 {[%emt 0:00:01]} Qxb6 {[%emt 0:00:00]} 14. Nd2 {[%emt 0:00:01]} O-O {[%emt 0:00:03]} 15. Nxc4 {[%emt 0:00:01]} Qb3 {[%emt 0:00:03]} 16. Qxb3 {[%emt 0:00:03]} Nxb3 {[%emt 0:00:01]} 17. Rxa6 {[%emt 0:00:01]} Bxa6 {[%emt 0:00:03]} 18. Ne5 {[%emt 0:00:01]} Nxc1 {[%emt 0:00:01]} 19. Rxc1 {[%emt 0:00:01]} Rxb2 {[%emt 0:00:02]} 20. Nc6 {[%emt 0:00:01]} Bxe2 {[%emt 0:00:02]} 21. Nxe7+ {[%emt 0:00:01]} Kh8 {[%emt 0:00:00]} 22. Nc6 {[%emt 0:00:01]} Bc4 {[%emt 0:00:03]} 23. Nd4 {[%emt 0:00:01]} Bd5 {[%emt 0:00:01]} 24. Bf1 {[%emt 0:00:02]} h6 {[%emt 0:00:03]} 25. Ndb5 {[%emt 0:00:06]} Rb8 {[%emt 0:00:02]} 26. Rd1 {[%emt 0:00:03]} Bf3 {[%emt 0:00:02]} 27. Rd3 {[%emt 0:00:02]} R2xb5 {[%emt 0:00:01]} 28. Rxf3 {[%emt 0:00:01]} Rb2 {[%emt 0:00:03]} 29. h3 {[%emt 0:00:02]} Nd5 {[%emt 0:00:01]} 30. Nxd5 {[%emt 0:00:01]} exd5 {[%emt 0:00:00]} 31. Kg2 {[%emt 0:00:01]} d4 {[%emt 0:00:01]} 32. Bd3 {[%emt 0:00:01]} f6 {[%emt 0:00:01]} 33. g4 {[%emt 0:00:01]} R2b3 {[%emt 0:00:01]} 34. h4 {[%emt 0:00:01]} Rc3 {[%emt 0:00:01]} 35. Be4 {[%emt 0:00:01]} Rxf3 {[%emt 0:00:02]} 36. Kxf3 {[%emt 0:00:01]} Rb3+ {[%emt 0:00:01]} 37. Ke2 {[%emt 0:00:01]} d3+ {[%emt 0:00:00]} 38. Kd2 {[%emt 0:00:01]} Rb2+ {[%emt 0:00:01]} 39. Kxd3 {[%emt 0:00:02]} Rxf2 {[%emt 0:00:01]} 40. Ke3 {[%emt 0:00:01]} Rh2 {[%emt 0:00:01]} 41. h5 {[%emt 0:00:00]} Kg8 {[%emt 0:00:03]} 42. Kf4 {[%emt 0:00:01]} Kf8 {[%emt 0:00:00]} 43. Bf5 {[%emt 0:00:01]} Ke7 {[%emt 0:00:00]} 44. Kg3 {[%emt 0:00:00]} Rb2 {[%emt 0:00:01]} 45. Kf4 {[%emt 0:00:00] Time} 1-0

[Event "146 Stay Safe Play From Home series"]
[Site "T#646011Emanuel Laske"]
[Date "2020.05.13"]
[Round "1"]
[White "Haxhi Baha"]
[Black "Mepe_Nika"]
[Result "0-1"]
[WhiteElo "2029"]
[BlackElo "2274"]
[Annotator "TA"]
[PlyCount "70"]
[EventDate "2020.05.13"]
[EventType "swiss (blitz)"]

{[%evp 9,70,26,29,18,29,31,40,15,30,-12,49,83,90,93,374,374,377,-40,-32,-40,-45,-59,-25,-118,-71,-68,-32,-27,-20,-57,-55,-91,-51,-91,-44,-86,-46,-102,-106,-102,-95,-91,-19,-20,-20,-142,-101,-1297,-1287,-1079,-817,-817,-793,-976,-707,-910,-892,-886,-838,-5820,-5820,-5404,-5337]} 1. e4 e5 2. Nf3 Nc6 3. Bc4 Nf6 4. d3 Bc5 5. c3 a5 6. Bg5 {C54: Giuoco Piano: 4 c3 Nf6, main lines with 5 d4 and 5 d3.} h6 7. Bh4 Be7 {[#]} 8. Nbd2 $146 {White is slightly better.} ({Predecessor:} 8. Qe2 d6 9. Nbd2 Be6 10. Bxf6 Bxf6 11. Bxe6 fxe6 12. O-O O-O 13. Rad1 Qe8 14. Nc4 {1-0 (52) Claros Egea,C (2097)-Medina Menendez,E Malaga 2002}) 8... O-O 9. Qe2 d5 ({Better is} 9... a4 $11) 10. Bxf6 $14 dxc4 11. Bxe7 cxd3 $2 {[%mdl 8192]} (11... Nxe7 $16 12. Nxc4 b5) 12. Bxd8 $18 dxe2 13. Kxe2 $2 (13. Bxc7 $18 f6 14. Kxe2) 13... Rxd8 $15 14. Rhd1 Be6 15. b3 Rd6 16. c4 (16. Nc4 $11 Rxd1 17. Rxd1) 16... Rad8 17. Nf1 Nd4+ 18. Nxd4 exd4 19. Rd3 c5 20. f4 f6 21. h3 a4 22. g4 Ra6 {[#] Strongly threatening ...axb3.} 23. Rb1 ({White should play} 23. Nd2 $15) 23... axb3 $17 24. axb3 Ra2+ 25. Rd2 Rda8 (25... Ra3 $17 26. Rdb2 Bd7) 26. f5 $11 Bf7 $36 {[%mdl 2048] Black is more active.} 27. Ng3 (27. Rxa2 $11 {remains equal.} Rxa2+ 28. Nd2) 27... b5 28. Kd3 $2 {[%mdl 8192]} (28. cxb5 $17 R2a5 29. b6) 28... bxc4+ $19 {[%mdl 64] [#] Overworked Piece. Black is clearly winning.} 29. bxc4 Bxc4+ 30. Kxc4 Rxd2 31. Kxc5 {KRR-KRN} Rc8+ 32. Kd5 Rg2 33. Nh5 d3 {Hoping for ...d2.} 34. Rd1 d2 35. e5 Rc1 {Black used his chance. Accuracy: White = 34%, Black = 46%.} 0-1

[Event "146 Stay Safe Play From Home series"]
[Site "T#646011Emanuel Laske"]
[Date "2020.05.13"]
[Round "1"]
[White "Lazieri3"]
[Black "Pokerpapi"]
[Result "1-0"]
[WhiteElo "1966"]
[BlackElo "1513"]
[PlyCount "65"]
[EventDate "2020.05.13"]
[EventType "swiss (blitz)"]

1. e4 {[%emt 0:00:02]} e5 {[%emt 0:00:00]} 2. Nc3 {[%emt 0:00:01]} d6 {[%emt 0:00:00]} 3. f4 {[%emt 0:00:01]} Nc6 {[%emt 0:00:00]} 4. fxe5 {[%emt 0:00:00]} h6 {[%emt 0:00:03]} 5. Nf3 {[%emt 0:00:00]} Bg4 {[%emt 0:00:01]} 6. exd6 {[%emt 0:00:01]} Bxd6 {[%emt 0:00:00]} 7. d3 {[%emt 0:00:01]} Qe7 {[%emt 0:00:00]} 8. Be2 {[%emt 0:00:01]} O-O-O {[%emt 0:00:01]} 9. O-O {[%emt 0:00:01]} Nf6 {[%emt 0:00:01]} 10. Be3 {[%emt 0:00:01]} Bxf3 {[%emt 0:00:02]} 11. Bxf3 {[%emt 0:00:01]} Qe5 {[%emt 0:00:01]} 12. Bg4+ {[%emt 0:00:02]} Kb8 {[%emt 0:00:07]} 13. g3 {[%emt 0:00:01]} h5 {[%emt 0:00:02]} 14. Bf3 {[%emt 0:00:02]} Ng4 {[%emt 0:00:02]} 15. Bf4 {[%emt 0:00:01]} Qc5+ {[%emt 0:00:01]} 16. Kh1 {[%emt 0:00:02]} Bxf4 {[%emt 0:00:01]} 17. Bxg4 {[%emt 0:00:03]} hxg4 {[%emt 0:00:03]} 18. Rxf4 {[%emt 0:00:02]} Qh5 {[%emt 0:00:02]} 19. Qd2 {[%emt 0:00:04]} Nd4 {[%emt 0:00:02]} 20. Raf1 {[%emt 0:00:04]} Nf3 {[%emt 0:00:02]} 21. R4xf3 {[%emt 0:00:02]} gxf3 {[%emt 0:00:01]} 22. Nd5 {[%emt 0:00:01]} Rd7 {[%emt 0:00:04]} 23. Nf4 {[%emt 0:00:01]} Qh6 {[%emt 0:00:04]} 24. Qf2 {[%emt 0:00:03]} g5 {[%emt 0:00:01]} 25. Nd5 {[%emt 0:00:01]} c6 {[%emt 0:00:02]} 26. Ne3 {[%emt 0:00:02]} g4 {[%emt 0:00:01]} 27. Nxg4 {[%emt 0:00:01]} Qg5 {[%emt 0:00:06]} 28. Qxf3 {[%emt 0:00:01]} a6 {[%emt 0:00:03]} 29. Nf6 {[%emt 0:00:02]} Re7 {[%emt 0:00:02]} 30. Qf4+ {[%emt 0:00:02]} Ka7 {[%emt 0:00:00]} 31. Qxg5 {[%emt 0:00:01]} Rxh2+ {[%emt 0:00:04]} 32. Kxh2 {[%emt 0:00:01]} Re6 {[%emt 0:00:00]} 33. Qc5+ {[%emt 0:00:01] Zeit (Lag: Av=0.38s, max=0.6s)} 1-0

[Event "146 Stay Safe Play From Home series"]
[Site "T#646011Emanuel Laske"]
[Date "2020.05.13"]
[Round "1"]
[White "SecantFX"]
[Black "SoulofWolf"]
[Result "1-0"]
[WhiteElo "1851"]
[BlackElo "2110"]
[Annotator "RC"]
[PlyCount "135"]
[EventDate "2020.05.13"]
[EventType "swiss (blitz)"]

1. g3 {[%emt 0:00:06]} c6 {[%emt 0:00:00]} 2. Bg2 {[%emt 0:00:02]} d5 {[%emt 0:00:00]} 3. f4 {[%emt 0:00:00]} g6 {[%emt 0:00:00]} 4. Nf3 {[%emt 0:00:00]} Bg7 {[%emt 0:00:00]} 5. e3 {[%emt 0:00:00]} e6 {[%emt 0:00:00]} 6. d4 {[%emt 0:00:00]} Ne7 {[%emt 0:00:00]} 7. c3 {[%emt 0:00:00]} O-O {[%emt 0:00:01]} 8. Nbd2 {[%emt 0:00:00]} f6 {[%emt 0:00:00]} 9. e4 {[%emt 0:00:01]} dxe4 {[%emt 0:00:01]} 10. Nxe4 {[%emt 0:00:01]} Na6 {[%emt 0:00:00]} 11. Ned2 {[%emt 0:00:01]} Nc7 {[%emt 0:00:01]} 12. O-O {[%emt 0:00:00]} a5 {[%emt 0:00:01]} 13. Re1 {[%emt 0:00:00]} a4 {[%emt 0:00:00]} 14. Bh3 {[%emt 0:00:00]} Bd7 {[%emt 0:00:02]} 15. a3 {[%emt 0:00:01]} Qc8 {[%emt 0:00:00]} 16. Ne4 {[%emt 0:00:01]} b6 {[%emt 0:00:03]} 17. Nf2 {[%emt 0:00:02]} Ra5 {[%emt 0:00:01]} 18. Bg2 {[%emt 0:00:00]} h5 {[%emt 0:00:01]} 19. Nd3 {[%emt 0:00:00]} Ncd5 {[%emt 0:00:02]} 20. Nh4 {[%emt 0:00:00]} Be8 {[%emt 0:00:02]} 21. Nb4 {[%emt 0:00:00]} Bf7 {[%emt 0:00:02]} 22. Nxd5 {[%emt 0:00:02]} Nxd5 {[%emt 0:00:00]} 23. c4 {[%emt 0:00:01]} Ne7 {[%emt 0:00:03]} 24. Be3 {[%emt 0:00:01]} Nf5 {[%emt 0:00:02]} 25. Bd2 {[%emt 0:00:01]} Ra8 {[%emt 0:00:02]} 26. Bc3 {[%emt 0:00:01]} Nxh4 {[%emt 0:00:01]} 27. gxh4 {[%emt 0:00:01]} f5 {[%emt 0:00:01]} 28. d5 {[%emt 0:00:02]} cxd5 {[%emt 0:00:01]} 29. Bxg7 {[%emt 0:00:01]} Kxg7 {[%emt 0:00:00]} 30. cxd5 {[%emt 0:00:01]} exd5 {[%emt 0:00:00]} 31. Bxd5 {[%emt 0:00:02]} Bxd5 {[%emt 0:00:00]} 32. Qxd5 {[%emt 0:00:01]} Qc5+ {[%emt 0:00:00]} 33. Qxc5 {[%emt 0:00:02]} bxc5 {[%emt 0:00:00]} 34. Re7+ {[%emt 0:00:01]} Rf7 {[%emt 0:00:00]} 35. Re5 {[%emt 0:00:00]} Rc8 {[%emt 0:00:01]} 36. Rc1 {[%emt 0:00:01]} Rfc7 {[%emt 0:00:03]} 37. Rc4 {[%emt 0:00:01]} Kf6 {[%emt 0:00:05]} 38. Rxa4 {[%emt 0:00:01]} c4 {[%emt 0:00:00]} 39. Ra6+ {[%emt 0:00:01]} Rc6 {[%emt 0:00:00]} 40. Ra7 {[%emt 0:00:02]} c3 {[%emt 0:00:02]} 41. bxc3 {[%emt 0:00:01]} Rxc3 {[%emt 0:00:00]} 42. Ra6+ {[%emt 0:00:01]} Kf7 {[%emt 0:00:01]} 43. Ra7+ {[%emt 0:00:01]} R8c7 {[%emt 0:00:01]} 44. Rxc7+ {[%emt 0:00:01]} Rxc7 {[%emt 0:00:00]} 45. a4 {[%emt 0:00:02]} Rc1+ {[%emt 0:00:01]} 46. Kg2 {[%emt 0:00:01]} Rc2+ {[%emt 0:00:00]} 47. Kh3 {[%emt 0:00:01]} Rc3+ {[%emt 0:00:00]} 48. Kg2 {[%emt 0:00:01]} Rc2+ {[%emt 0:00:00]} 49. Kf3 {[%emt 0:00:00]} Ra2 {[%emt 0:00:00]} 50. a5 {[%emt 0:00:01]} Ra3+ {[%emt 0:00:00]} 51. Ke2 {[%emt 0:00:01]} Ra2+ {[%emt 0:00:01]} 52. Kd3 {[%emt 0:00:00]} Rxh2 {[%emt 0:00:02]} 53. Kc4 {[%emt 0:00:00]} Ra2 {[%emt 0:00:01]} 54. Kb3 {[%emt 0:00:01]} Ra1 {[%emt 0:00:01]} 55. Kb2 {[%emt 0:00:00]} Rd1 {[%emt 0:00:01]} 56. Rb5 {[%emt 0:00:01]} Rd8 {[%emt 0:00:01]} 57. a6 {[%emt 0:00:01]} Ra8 {[%emt 0:00:00]} 58. Ra5 {[%emt 0:00:00]} Ke6 {[%emt 0:00:00]} 59. Kc3 {[%emt 0:00:01]} Ra7 {[%emt 0:00:01]} 60. Kc4 {[%emt 0:00:01]} Kd6 {[%emt 0:00:01]} 61. Kb4 {[%emt 0:00:01]} Kc6 {[%emt 0:00:01]} 62. Kc4 {[%emt 0:00:01]} Kb6 {[%emt 0:00:01]} 63. Kb4 {[%emt 0:00:00]} Ra8 {[%emt 0:00:01]} 64. a7 {[%emt 0:00:02]} Rxa7 {[%emt 0:00:02]} 65. Rxa7 {[%emt 0:00:01]} Kxa7 {[%emt 0:00:00]} 66. Kc5 {[%emt 0:00:00]} Kb7 {[%emt 0:00:00]} 67. Kd6 {[%emt 0:00:00]} g5 {[%emt 0:00:01]} 68. fxg5 {[%emt 0:00:02] . Czas '} 1-0

[Event "146 Stay Safe Play From Home series"]
[Site "T#646011Emanuel Laske"]
[Date "2020.05.13"]
[Round "1"]
[White "Ionutn28"]
[Black "Chessencounter"]
[Result "0-1"]
[WhiteElo "1763"]
[BlackElo "2194"]
[Annotator "TA"]
[PlyCount "68"]
[EventDate "2020.05.13"]
[EventType "swiss (blitz)"]

{[%evp 16,68,1,4,114,59,64,23,77,37,33,12,40,-47,-35,-55,-40,-53,21,0,0,-30,-14,-127,-145,-111,-94,-442,-435,-410,-280,-443,-377,-371,-368,-373,-344,-435,-394,-705,-716,-725,-720,-715,-694,-586,-515,-515,-515,-515,-515,-506,-505,-961,-814]} 1. e4 e6 2. d3 g6 3. Nd2 Bg7 4. Ngf3 Ne7 5. g3 d5 6. Bg2 c5 7. O-O Nbc6 8. Re1 O-O 9. c3 f5 {A08: King's Indian Attack.} (9... b6 $11) 10. e5 {[#]} ({White should play} 10. exd5 $16 Nxd5 11. Nc4) 10... Qc7 $146 ({Predecessor:} 10... h6 11. Nb3 b6 12. h4 a5 13. Bf4 Ba6 14. Qd2 a4 15. Nc1 Kh7 16. d4 Na5 17. b3 {0-1 (39) Mueller,F (2099)-Noldt,T (1993) Hanerau 2015}) 11. Qe2 b5 (11... a5 $11) 12. Nf1 a5 13. Bf4 Ba6 14. Ng5 (14. d4 $14) 14... Qd7 $15 15. h4 h6 16. Nf3 b4 ({Better is} 16... d4 $1 $15) 17. Qd2 Kh7 18. N1h2 a4 19. h5 (19. d4 $11 {keeps the balance.}) 19... g5 $17 20. Bxg5 hxg5 21. Qxg5 $2 {[%mdl 8192] [#] Now White is beyond hope.} (21. Nxg5+ $17 {was the crucial defense.} Kg8 22. f4) 21... Bh6 $19 22. Qh4 Rg8 23. d4 (23. c4 $142) 23... cxd4 24. cxd4 a3 25. bxa3 bxa3 26. Rab1 Bd3 27. g4 $2 (27. Rb3 Bc4 28. Reb1) 27... fxg4 {Black is clearly winning.} 28. Nxg4 Rxg4 {[%mdl 64] [#] Clearance} 29. Qxg4 Rg8 30. Qh3 Nf5 31. Kh1 Bxb1 32. Rxb1 Ncxd4 33. Nxd4 Nxd4 34. f4 (34. Qd3+ $142 Nf5 35. Qxa3) 34... Nf5 {Accuracy: White = 21%, Black = 68%.} 0-1

[Event "146 Stay Safe Play From Home series"]
[Site "T#646011Emanuel Laske"]
[Date "2020.05.13"]
[Round "1"]
[White "Lucknow"]
[Black "Weltszmerc"]
[Result "0-1"]
[WhiteElo "1724"]
[BlackElo "2139"]
[Annotator "TA"]
[PlyCount "32"]
[EventDate "2020.05.13"]
[EventType "swiss (blitz)"]

{[%evp 15,32,15,77,7,39,8,0,-2,0,-12,-15,-22,1,-77,-77,-82,0,-542,-539]} 1. d4 b6 2. c4 Bb7 3. Nf3 Nf6 4. g3 e6 5. Bg2 Be7 6. O-O O-O 7. Nc3 Ne4 8. Qc2 {8.Bd2 injects fresh life into this line.} f5 (8... Nxc3 $11 9. Qxc3 Be4) 9. Re1 {E19: Queen's Indian: Old Main Line with 7...Ne4 8 Qc2 Nxc3 8 Qxc3.} (9. Ne5 $16) 9... Bf6 10. Nd2 {[%cal Rc3e4]} d5 11. cxd5 {The position is equal.} exd5 12. Nf3 {[#]} Nd7 $146 ({Predecessor:} 12... Kh8 13. Bf4 g5 14. Be5 g4 15. Bxf6+ Qxf6 16. Ne5 c5 17. e3 cxd4 18. exd4 Rc8 {0-1 (24) Gonzalez Marrero,J (2304)-Gutierrez Olivares,D (2115) El Sauzal 2007}) 13. Bf4 Rc8 14. b4 (14. Nb5 $11 {keeps the balance.}) 14... c5 $17 15. bxc5 bxc5 ({Black should play} 15... Ndxc5 $17 {Threatens to win with ...Ne6.} 16. Rac1 Ne6) 16. dxc5 $2 {[%mdl 8192] [#]} (16. Qb3 $11 {and White has nothing to worry.}) 16... Bxc3 {Accuracy: White = 44%, Black = 76%.} 0-1

[Event "146 Stay Safe Play From Home series"]
[Site "T#646011Emanuel Laske"]
[Date "2020.05.13"]
[Round "1"]
[White "Matanant"]
[Black "Don59as"]
[Result "0-1"]
[WhiteElo "1616"]
[BlackElo "2031"]
[Annotator "TA"]
[PlyCount "66"]
[EventDate "2020.05.13"]
[EventType "swiss (blitz)"]

{[%evp 15,66,-18,-18,-15,-12,-14,-6,-31,-37,-31,-13,-20,26,20,33,33,62,52,63,0,0,0,6,-15,-13,-80,574,88,110,0,0,0,0,-312,-88,-74,-82,-134,33,-184,-165,-160,-162,-232,-174,-173,-165,-658,-657,-600,-331,-364,734]} 1. b3 d5 2. Bb2 e6 3. e3 Nf6 4. f4 Be7 5. Nf3 O-O 6. Be2 c5 7. O-O Nc6 8. Bb5 {has lost popularity (8.Qe1).} Bd7 9. Bxc6 $1 {A03: Bird's Opening with 1...d5.} Bxc6 10. Ne5 Qc7 {[#]} 11. Nxc6 $146 {The position is equal.} ({Predecessor:} 11. Nc3 Rfd8 12. Nxc6 Qxc6 13. Ne2 Ne4 14. f5 Bf6 15. Bxf6 Nxf6 16. fxe6 Qxe6 17. Rf3 {½-½ (38) Aung,A (2524)-Aung,T (2466) Bangkok 2004}) 11... Qxc6 12. d3 b5 13. Nd2 h5 14. Qe2 Rad8 15. h3 d4 16. e4 g6 17. f5 (17. Qf2 $14) 17... exf5 $11 18. exf5 Nd5 19. Ne4 Ne3 20. Rf3 (20. fxg6 $11 {keeps the balance.} Nxf1 21. g7 Kxg7 22. Rxf1) 20... Bd6 $2 {[%mdl 8192]} (20... Nxf5 $17 {Hoping for ...Nh4.} 21. a4 a6) 21. Bc1 $2 (21. Rxe3 $1 $18 {and the rest is easy.} dxe3 22. Qxe3) 21... Nxf5 22. Rxf5 ({White should try} 22. Nf6+ $16 Kg7 23. Bg5) 22... gxf5 23. Nf6+ $1 {[%mdl 64] [#] Double Attack} Kg7 24. Qxh5 $4 {[%mdl 8192]} (24. Bg5 $11 {and White stays safe.}) 24... Bh2+ $2 (24... Kxf6 $19 {is more deadly.} 25. Bg5+ Ke6 26. Re1+ Kd7 27. Bxd8 Kxd8 28. Qxf5 Kc7) 25. Kxh2 $17 {[%csl Gc1][%cal Rh5h6]} Qxf6 26. Bg5 (26. Bf4 $142) 26... Qg6 $2 ({Better is} 26... Qe5+ $17 27. Kg1 Rd6) 27. Qh4 $2 (27. Qxg6+ $14 fxg6 28. Bxd8 Rxd8 29. a4) 27... Rde8 {Threatens to win with ...f6.} 28. Rf1 f6 29. Bf4 (29. Bd2 $142) 29... Re2 {[%csl Ge2][%cal Rg6g2] [#]} 30. Rf2 Rfe8 31. Bg3 $2 (31. a4) 31... Rxf2 $19 32. Bxf2 Re2 {...Qg5 is the strong threat.} 33. Qf4 Qxg2+ $4 {[%mdl 40960] Accuracy: White = 45%, Black = 45%. . Loss on time!?} (33... Rxc2 $19 34. Qc7+ Kh6) 0-1